000 01157nam a22002297a 4500
999 _c9037
_d9037
003 AR-CdUCM
008 190327b ||||| |||| 00| 0 spa d
040 _aMUNICIPALIDAD PROVINCIAL DEL CUSCO
_cBIBLIOTECA MUNICIPAL DEL CUSCO
082 _a278.5 /
_bT57
100 _aTineo Morón, Melecio
_94165
245 _aVida Eclesiástica Perú Colonial y Republicano :
_bCatálogos de Documentación sobre Parroquias y Doctrinas de Indios, Arzobispado de Lima siglo XVI-XX /
260 _aCusco - Perú :
_bCentro Bartolomé de Las Casas ;
_c1997.
300 _a413 páginas ;
_c21cm
440 _aCuadernos para la Historia de la Evangelización en América Latina
_n17
_924994
505 _aContenido: t.1: Curatos de Ancash -- Curatos de Lima -- Curatos de Ica -- Curatos de Junín -- Curatos de Pasco... t.2: Visitas a Ancash -- Visitas a Lima -- Visitas a Huarochirí -- Visitas a Cajatambo -- Visitas a Cañete...
650 _aCuratos
_924995
650 _aVida Eclesiástica
_924996
700 _aGarcía, Juan Carlos
_93209
710 _aCentro de Estudios Regionales Andinos Bartolomé de Las Casas
_97768
942 _2ddc
_cLIBROS
945 _anom